000 00531nam a2200181Ia 4500
003 Ost
005 20260507075701.0
008 260507s9999||||xx |||||||||||||| ||und||
040 _cfsecg
041 _aara
100 _aوزان، صلاح
_eمؤلف
245 0 _aتنمية الزراعة العربية /
_c صلاح وزان
260 _aبيروت:
_bمركز دراسات الوحدة العربية,
_c1998
300 _a524 صفحة؛
653 _aتنمية
653 _aزراعة عربية
942 _cكتاب
999 _c45839
_d45839